[Event "DEM U10w 2022"]
[Site "Willingen GER"]
[Date "2022.06.07"]
[Round "5"]
[White "Rutschmann, Polly"]
[Black "Margaryan, Mari"]
[Result "0-1"]
[Termination "normal"]
[Board "16"]
[WhiteElo "903"]
[BlackElo "792"]
[PlyCount "68"]
[WhiteFideId "34621261"]
[BlackFideId "16279700"]
[EventCountry "GER"]
[EventRounds "11"]
[EventType "swiss"]
[EventDate "2022.06.04"]

1. e4 e6 2. Nf3 d5 3. exd5 exd5 4. d4 Nf6 5. Bf4 Nc6 6. Nc3 Bf5 7. Bd3 Bg6 8.
O-O Bd6 9. Bxd6 Qxd6 10. Re1+ Ne7 11. Bb5+ c6 12. Bd3 O-O-O 13. Nh4 Rhg8 14.
Qe2 Rde8 15. Nf5 Nxf5 16. Qf3 Nxd4 17. Qh3+ Nd7 18. Rxe8+ Rxe8 19. Bxg6 fxg6
20. Rc1 Nxc2 21. Kf1 Nd4 22. Rd1 Qe7 23. Qxh7 g5 24. Qg6 c5 25. g3 b5 26. Nxd5
Qe2+ 27. Kg2 Re5 28. Nc3 Qf3+ 29. Kg1 b4 30. Na4 Qxd1+ 31. Kg2 Qxa4 32. Qxg7
Re1 33. Qh8+ Kc7 34. Qg7 Qc6+ 0-1

[Event "DEM U10w 2022"]
[Site "Willingen GER"]
[Date "2022.06.07"]
[Round "5"]
[White "Nguyen, Minh Anh"]
[Black "Krannich, Eva"]
[Result "1/2-1/2"]
[Termination "normal"]
[Board "17"]
[WhiteElo "774"]
[BlackElo "845"]
[PlyCount "88"]
[BlackFideId "34639713"]
[EventCountry "GER"]
[EventRounds "11"]
[EventType "swiss"]
[EventDate "2022.06.04"]

1. e4 e6 2. d4 d5 3. Nc3 dxe4 4. Nxe4 Bd7 5. Nf3 Bc6 6. Bd3 Nd7 7. Qe2 Ngf6 8.
Nc3 Bb4 9. Qe3 O-O 10. h4 Re8 11. Qe2 Nb6 12. Bd2 Nbd5 13. Ne5 Qd6 14. Nxd5
Bxd5 15. Rg1 Bxd2+ 16. Qxd2 Nd7 17. f4 f6 18. Nxd7 Qxd7 19. O-O-O Bxa2 20. b3
Qxd4 21. c3 Qb6 22. Qxa2 Qe3+ 23. Qd2 Qxd2+ 24. Rxd2 e5 25. fxe5 fxe5 26. Bc4+
Kh8 27. Rd7 Rac8 28. Rf1 Rf8 29. Rxf8+ Rxf8 30. Rxc7 Rb8 31. Re7 h6 32. Rxe5
Kh7 33. Bd3+ Kg8 34. Kc2 Kf7 35. Rf5+ Ke6 36. Rf1 Ke7 37. Bg6 Rf8 38. Rxf8 Kxf8
39. Be4 b6 40. Kd3 Ke7 41. b4 a5 42. bxa5 bxa5 43. Kc4 Kd6 44. Kb5 Ke5 1/2-1/2

[Event "DEM U10w 2022"]
[Site "Willingen GER"]
[Date "2022.06.07"]
[Round "5"]
[White "Weißleder, Emia"]
[Black "Subocz, Barbara"]
[Result "1-0"]
[Termination "normal"]
[Board "18"]
[WhiteElo "983"]
[BlackElo "902"]
[PlyCount "55"]
[WhiteFideId "34682627"]
[BlackFideId "41805658"]
[EventCountry "GER"]
[EventRounds "11"]
[EventType "swiss"]
[EventDate "2022.06.04"]

1. e4 e5 2. Nf3 Nc6 3. Bc4 Bc5 4. c3 Nf6 5. d4 exd4 6. cxd4 Bb6 7. d5 Ne7 8.
Nc3 d6 9. O-O O-O 10. Bg5 Ba5 11. Bxf6 gxf6 12. Qd2 Bxc3 13. bxc3 Bg4 14. Qe2
Ng6 15. h3 Bxf3 16. Qxf3 Ne5 17. Qe2 a6 18. Bb3 c5 19. Bc2 b5 20. f4 Nc4 21. e5
fxe5 22. Qh5 Re8 23. Qxh7+ Kf8 24. Rf3 exf4 25. Rxf4 Qd7 26. Bg6 Ne5 27. Raf1
Re7 28. Qh8# 1-0

[Event "DEM U10w 2022"]
[Site "Willingen GER"]
[Date "2022.06.07"]
[Round "5"]
[White "Döscher, Nayla"]
[Black "Kühn, Nicole"]
[Result "1-0"]
[Termination "normal"]
[Board "19"]
[WhiteElo "908"]
[BlackElo "870"]
[PlyCount "61"]
[WhiteFideId "34625046"]
[BlackFideId "34610510"]
[EventCountry "GER"]
[EventRounds "11"]
[EventType "swiss"]
[EventDate "2022.06.04"]

1. e4 e5 2. Nc3 Nf6 3. Nf3 Nc6 4. Bb5 Bc5 5. d3 h6 6. h3 d6 7. O-O O-O 8. Bd2
Ne7 9. Re1 a5 10. Nh4 c6 11. Bc4 b5 12. d4 exd4 13. Bd3 dxc3 14. bxc3 Qb6 15.
Rf1 Ba6 16. a3 Rfe8 17. Qf3 d5 18. e5 Ne4 19. Bxe4 dxe4 20. Qxe4 b4 21. c4 Nc8
22. Qg4 Ne7 23. Bxh6 g6 24. Qf4 Nf5 25. Nxf5 Be7 26. Nxe7+ Kh7 27. Qh4 Rxe7 28.
Bf8+ Kg8 29. Bxe7 Kg7 30. Bf6+ Kg8 31. Qh8# 1-0

[Event "DEM U10w 2022"]
[Site "Willingen GER"]
[Date "2022.06.08"]
[Round "6"]
[White "Ramakrishnan, Veda"]
[Black "Stiehler, Mara"]
[Result "1/2-1/2"]
[Termination "normal"]
[Board "1"]
[WhiteElo "1191"]
[BlackElo "1200"]
[WhiteClock "00:15:36"]
[BlackClock "00:30:26"]
[PlyCount "86"]
[WhiteFideId "16269519"]
[BlackFideId "34621199"]
[EventCountry "GER"]
[EventRounds "11"]
[EventType "swiss"]
[EventDate "2022.06.04"]

1. e4 {[%clk 01:15:58]} {[%emt 00:00:01]} e6 {[%clk 01:15:56]} {[%emt
00:00:05]} 2. d4 {[%clk 01:16:22]} {[%emt 00:00:06]} d5 {[%clk 01:16:20]}
{[%emt 00:00:05]} 3. exd5 {[%clk 01:16:43]} {[%emt 00:00:09]} exd5 {[%clk
01:16:43]} {[%emt 00:00:07]} 4. Nf3 {[%clk 01:16:56]} {[%emt 00:00:18]} Bd6
{[%clk 01:16:34]} {[%emt 00:00:39]} 5. Bd3 {[%clk 01:16:42]} {[%emt 00:00:43]}
Ne7 {[%clk 01:16:45]} {[%emt 00:00:19]} 6. h3 {[%clk 01:16:09]} {[%emt
00:01:03]} Nbc6 {[%clk 01:17:02]} {[%emt 00:00:14]} 7. O-O {[%clk 01:15:56]}
{[%emt 00:00:42]} Be6 {[%clk 01:15:19]} {[%emt 00:02:13]} 8. Re1 {[%clk
01:14:57]} {[%emt 00:01:27]} Qd7 {[%clk 01:15:17]} {[%emt 00:00:33]} 9. h4
{[%clk 01:08:52]} {[%emt 00:06:37]} O-O-O {[%clk 01:14:34]} {[%emt 00:01:09]}
10. Nc3 {[%clk 01:03:29]} {[%emt 00:05:56]} Bg4 {[%clk 01:12:59]} {[%emt
00:02:05]} 11. Be2 {[%clk 01:00:27]} {[%emt 00:03:32]} Nf5 {[%emt 00:05:51]}
12. Nxd5 {[%clk 00:55:56]} {[%emt 00:04:59]} Bxf3 {[%clk 01:07:18]} {[%emt
00:00:51]} 13. Bxf3 {[%clk 00:54:53]} {[%emt 00:01:34]} Nxh4 {[%clk 01:04:32]}
{[%emt 00:03:16]} 14. c3 {[%clk 00:52:17]} {[%emt 00:03:07]} Nxf3+ {[%clk
01:04:04]} {[%emt 00:00:57]} 15. Qxf3 {[%clk 00:52:39]} {[%emt 00:00:08]} Rhe8
{[%clk 00:56:35]} {[%emt 00:07:52]} 16. Bd2 {[%clk 00:51:45]} {[%emt 00:01:26]}
Rxe1+ {[%clk 00:51:31]} {[%emt 00:05:39]} 17. Rxe1 {[%clk 00:51:56]} {[%emt
00:00:18]} Re8 {[%clk 00:44:56]} {[%emt 00:06:56]} 18. Rxe8+ {[%clk 00:49:33]}
{[%emt 00:03:03]} Qxe8 {[%clk 00:44:49]} {[%emt 00:00:35]} 19. Qe3 {[%clk
00:49:07]} {[%emt 00:00:57]} Qd8 {[%clk 00:43:20]} {[%emt 00:02:00]} 20. Qg5
{[%emt 00:13:08]} Qe8 21. Qe3 {[%clk 00:39:12]} {[%emt 00:01:44]} Qd7 {[%clk
00:38:22]} {[%emt 00:01:59]} 22. Qf3 {[%clk 00:38:50]} {[%emt 00:00:48]} Qe6
{[%clk 00:37:36]} {[%emt 00:01:22]} 23. a3 {[%clk 00:38:32]} {[%emt 00:00:48]}
Qg6 {[%clk 00:37:06]} {[%emt 00:01:00]} 24. Qd1 {[%clk 00:37:18]} {[%emt
00:01:43]} Qe4 {[%clk 00:35:30]} {[%emt 00:02:07]} 25. Ne3 {[%clk 00:34:58]}
{[%emt 00:02:51]} Qh4 {[%clk 00:32:41]} {[%emt 00:03:18]} 26. Qg4+ {[%clk
00:34:51]} {[%emt 00:00:37]} Qxg4 {[%clk 00:32:41]} {[%emt 00:00:30]} 27. Nxg4
{[%clk 00:35:07]} {[%emt 00:00:14]} Na5 {[%clk 00:32:30]} {[%emt 00:00:41]} 28.
Ne3 {[%clk 00:34:12]} {[%emt 00:01:25]} Nb3 {[%clk 00:32:16]} {[%emt 00:00:44]}
29. Be1 {[%clk 00:32:51]} {[%emt 00:01:46]} Nc1 {[%clk 00:32:27]} {[%emt
00:00:24]} 30. Kf1 {[%clk 00:30:01]} {[%emt 00:03:20]} Nd3 {[%clk 00:32:35]}
{[%emt 00:00:21]} 31. b4 {[%clk 00:29:57]} {[%emt 00:00:34]} Nxe1 {[%clk
00:32:44]} {[%emt 00:00:22]} 32. Kxe1 {[%clk 00:30:20]} {[%emt 00:00:06]} a5
{[%clk 00:32:30]} {[%emt 00:00:45]} 33. Nc4 {[%clk 00:30:02]} {[%emt 00:00:46]}
axb4 {[%clk 00:32:04]} {[%emt 00:00:58]} 34. Nxd6+ {[%clk 00:29:22]} {[%emt
00:01:11]} cxd6 {[%clk 00:32:26]} {[%emt 00:00:07]} 35. axb4 {[%clk 00:29:45]}
{[%emt 00:00:07]} Kc7 {[%clk 00:32:14]} {[%emt 00:00:42]} 36. d5 {[%clk
00:26:27]} Kb6 {[%clk 00:31:19]} {[%emt 00:05:13]} 37. c4 {[%clk 00:18:44]}
{[%emt 00:01:13]} Ka6 38. Kd2 {[%clk 00:16:12]} {[%emt 00:08:49]} b5 39. c5
{[%emt 00:03:36]} Kb7 {[%emt 00:00:12]} 40. Kc3 {[%clk 00:16:38]} {[%emt
00:00:35]} Kc7 41. Kd4 {[%emt 00:01:21]} Kd7 {[%emt 00:01:53]} 42. c6+ {[%clk
00:15:18]} {[%emt 00:00:03]} Kc7 {[%clk 00:30:26]} {[%emt 00:00:20]} 43. Ke4
{[%clk 00:15:36]} {[%emt 00:00:10]} Kd8 {[%emt 00:05:18]} 1/2-1/2

[Event "DEM U10w 2022"]
[Site "Willingen GER"]
[Date "2022.06.08"]
[Round "6"]
[White "Englert, Ann"]
[Black "Bacakova, Klara"]
[Result "0-1"]
[Termination "normal"]
[Board "2"]
[WhiteElo "1059"]
[BlackElo "1169"]
[WhiteClock "00:57:31"]
[BlackClock "00:28:32"]
[PlyCount "120"]
[WhiteFideId "34606181"]
[BlackFideId "34605762"]
[EventCountry "GER"]
[EventRounds "11"]
[EventType "swiss"]
[EventDate "2022.06.04"]

1. d4 {[%clk 01:15:59]} d5 {[%clk 01:15:50]} {[%emt 00:00:11]} 2. c4 {[%clk
01:16:24]} {[%emt 00:00:04]} e6 {[%clk 01:16:11]} {[%emt 00:00:10]} 3. Nc3
{[%clk 01:16:49]} {[%emt 00:00:05]} Nf6 {[%clk 01:16:13]} {[%emt 00:00:27]} 4.
cxd5 {[%clk 01:17:09]} {[%emt 00:00:10]} exd5 {[%clk 01:16:34]} {[%emt
00:00:09]} 5. Bg5 {[%clk 01:17:28]} {[%emt 00:00:10]} Nbd7 {[%clk 01:16:32]}
{[%emt 00:00:31]} 6. e3 {[%clk 01:17:15]} {[%emt 00:00:43]} c6 {[%clk
01:16:43]} {[%emt 00:00:20]} 7. Bd3 {[%clk 01:17:33]} {[%emt 00:00:12]} Qa5
{[%clk 01:15:36]} {[%emt 00:01:38]} 8. Qc2 {[%clk 01:17:14]} {[%emt 00:00:41]}
Bd6 {[%clk 01:07:17]} {[%emt 00:08:57]} 9. Nge2 {[%clk 01:16:01]} {[%emt
00:01:42]} O-O {[%clk 01:03:39]} {[%emt 00:04:10]} 10. O-O {[%clk 01:15:23]}
{[%emt 00:01:07]} Ne4 {[%clk 00:58:35]} {[%emt 00:05:34]} 11. Bxe4 {[%clk
01:14:12]} {[%emt 00:01:40]} dxe4 {[%clk 00:58:10]} {[%emt 00:00:55]} 12. Nxe4
{[%clk 01:14:10]} {[%emt 00:00:33]} Bc7 {[%clk 00:51:02]} {[%emt 00:07:39]} 13.
Bf4 {[%clk 01:13:28]} {[%emt 00:00:54]} Re8 {[%clk 00:47:42]} {[%emt 00:04:06]}
14. Bxc7 {[%clk 01:12:33]} {[%emt 00:01:26]} Qxc7 {[%clk 00:46:31]} {[%emt
00:01:40]} 15. b4 {[%clk 01:08:58]} {[%emt 00:03:59]} Nf8 {[%clk 00:40:40]}
{[%emt 00:06:27]} 16. N4g3 {[%clk 01:07:41]} {[%emt 00:01:42]} Ng6 {[%clk
00:36:50]} {[%emt 00:04:25]} 17. b5 {[%clk 01:06:12]} {[%emt 00:01:53]} Bd7
{[%clk 00:36:10]} {[%emt 00:01:17]} 18. bxc6 {[%clk 01:06:28]} {[%emt
00:00:14]} Qxc6 {[%clk 00:35:33]} {[%emt 00:01:06]} 19. Qxc6 {[%clk 01:05:59]}
{[%emt 00:00:59]} Bxc6 {[%clk 00:32:22]} {[%emt 00:03:42]} 20. Rab1 {[%clk
01:03:38]} {[%emt 00:02:43]} Rec8 {[%clk 00:30:01]} {[%emt 00:02:57]} 21. Rfd1
{[%clk 01:03:41]} {[%emt 00:00:21]} b6 {[%clk 00:28:24]} {[%emt 00:02:16]} 22.
Nf5 {[%clk 00:58:09]} {[%emt 00:05:59]} Be4 {[%clk 00:27:25]} {[%emt 00:01:30]}
23. Nd6 {[%clk 00:55:46]} {[%emt 00:02:49]} Bxb1 {[%clk 00:25:30]} {[%emt
00:02:30]} 24. Nxc8 {[%clk 00:56:09]} {[%emt 00:00:06]} Bc2 {[%clk 00:25:03]}
{[%emt 00:00:57]} 25. Nxb6 {[%clk 00:51:52]} {[%emt 00:04:48]} Bxd1 {[%clk
00:24:29]} {[%emt 00:01:04]} 26. Nxa8 {[%clk 00:52:13]} {[%emt 00:00:09]} Bxe2
{[%clk 00:24:48]} {[%emt 00:00:11]} 27. f3 {[%clk 00:52:09]} {[%emt 00:00:31]}
Bc4 {[%clk 00:24:35]} {[%emt 00:00:46]} 28. a3 {[%clk 00:52:19]} {[%emt
00:00:17]} Kf8 {[%clk 00:24:23]} {[%emt 00:00:44]} 29. Nc7 {[%clk 00:52:14]}
{[%emt 00:00:35]} Ke7 {[%clk 00:23:42]} {[%emt 00:01:12]} 30. a4 {[%clk
00:52:11]} {[%emt 00:00:34]} a6 {[%clk 00:23:28]} {[%emt 00:00:43]} 31. f4
{[%clk 00:51:51]} {[%emt 00:00:47]} Kd7 {[%clk 00:23:32]} {[%emt 00:00:29]} 32.
f5 {[%clk 00:52:12]} {[%emt 00:00:07]} Kxc7 {[%clk 00:23:26]} {[%emt 00:00:38]}
33. fxg6 {[%clk 00:52:35]} {[%emt 00:00:06]} hxg6 {[%clk 00:23:45]} {[%emt
00:00:12]} 34. Kf2 {[%clk 00:52:58]} {[%emt 00:00:07]} Kd6 {[%clk 00:23:50]}
{[%emt 00:00:24]} 35. Kf3 {[%clk 00:53:21]} {[%emt 00:00:06]} Kd5 {[%clk
00:24:06]} {[%emt 00:00:17]} 36. g3 {[%clk 00:52:43]} {[%emt 00:01:07]} f6
{[%clk 00:24:12]} {[%emt 00:00:23]} 37. h3 {[%clk 00:52:56]} {[%emt 00:00:17]}
a5 {[%clk 00:24:12]} {[%emt 00:00:31]} 38. h4 {[%clk 00:53:18]} {[%emt
00:00:05]} Bb3 {[%clk 00:24:10]} {[%emt 00:00:35]} 39. g4 {[%clk 00:53:19]}
{[%emt 00:00:25]} Bxa4 {[%clk 00:24:15]} {[%emt 00:00:28]} 40. g5 {[%clk
00:53:29]} {[%emt 00:00:18]} Bb3 {[%clk 00:22:58]} {[%emt 00:01:50]} 41. gxf6
{[%clk 00:53:25]} {[%emt 00:00:35]} gxf6 {[%clk 00:23:17]} {[%emt 00:00:11]}
42. Kf4 {[%clk 00:53:42]} {[%emt 00:00:10]} a4 {[%clk 00:23:28]} {[%emt
00:00:21]} 43. e4+ {[%clk 00:51:26]} {[%emt 00:02:46]} Kxd4 {[%clk 00:23:27]}
{[%emt 00:00:31]} 44. e5 {[%clk 00:51:38]} {[%emt 00:00:17]} fxe5 {[%clk
00:23:45]} {[%emt 00:00:12]} 45. Kg5 {[%clk 00:52:04]} {[%emt 00:00:05]} a3
{[%clk 00:23:52]} {[%emt 00:00:24]} 46. Kxg6 {[%clk 00:52:28]} {[%emt
00:00:05]} a2 {[%clk 00:24:13]} {[%emt 00:00:09]} 47. h5 {[%clk 00:52:55]}
{[%emt 00:00:03]} a1=Q {[%clk 00:24:31]} {[%emt 00:00:12]} 48. h6 {[%clk
00:53:21]} {[%emt 00:00:04]} Qh1 {[%clk 00:24:34]} {[%emt 00:00:27]} 49. h7
{[%clk 00:53:46]} {[%emt 00:00:05]} Qxh7+ {[%clk 00:24:52]} {[%emt 00:00:12]}
50. Kxh7 {[%clk 00:54:10]} {[%emt 00:00:05]} e4 {[%clk 00:25:16]} {[%emt
00:00:07]} 51. Kg6 {[%clk 00:54:35]} {[%emt 00:00:05]} e3 {[%clk 00:25:40]}
{[%emt 00:00:06]} 52. Kf5 {[%clk 00:55:02]} {[%emt 00:00:03]} e2 {[%clk
00:26:02]} {[%emt 00:00:08]} 53. Kf4 {[%clk 00:54:49]} {[%emt 00:00:43]} e1=Q
{[%clk 00:26:23]} {[%emt 00:00:09]} 54. Kf5 {[%clk 00:55:13]} {[%emt 00:00:06]}
Qe4+ {[%clk 00:26:47]} {[%emt 00:00:06]} 55. Kf6 {[%clk 00:55:37]} {[%emt
00:00:06]} Qe5+ {[%clk 00:27:09]} {[%emt 00:00:07]} 56. Kg6 {[%clk 00:55:59]}
{[%emt 00:00:08]} Qf4 {[%clk 00:27:33]} {[%emt 00:00:06]} 57. Kg7 {[%clk
00:56:24]} {[%emt 00:00:06]} Qf5 {[%clk 00:27:56]} {[%emt 00:00:07]} 58. Kh6
{[%clk 00:56:42]} {[%emt 00:00:11]} Qg4 {[%clk 00:28:07]} {[%emt 00:00:19]} 59.
Kh7 {[%clk 00:57:07]} {[%emt 00:00:06]} Qg5 {[%clk 00:28:17]} {[%emt 00:00:20]}
60. Kh8 {[%clk 00:57:31]} {[%emt 00:00:06]} Qg8# {[%clk 00:28:32]} {[%emt
00:00:14]} 0-1

[Event "DEM U10w 2022"]
[Site "Willingen GER"]
[Date "2022.06.08"]
[Round "6"]
[White "Schirmbeck, Lilian"]
[Black "Hladeniuk, Yelyzaveta"]
[Result "0-1"]
[Termination "normal"]
[Board "3"]
[WhiteElo "980"]
[BlackElo "1019"]
[WhiteClock "00:43:47"]
[BlackClock "00:51:32"]
[PlyCount "56"]
[WhiteFideId "34620532"]
[BlackFideId "34176128"]
[EventCountry "GER"]
[EventRounds "11"]
[EventType "swiss"]
[EventDate "2022.06.04"]

1. e4 {[%clk 01:15:55]} {[%emt 00:00:04]} c6 {[%clk 01:15:48]} {[%emt
00:00:13]} 2. d4 {[%clk 01:16:04]} {[%emt 00:00:21]} d5 {[%clk 01:16:09]}
{[%emt 00:00:09]} 3. e5 {[%clk 01:16:13]} {[%emt 00:00:22]} Bf5 {[%clk
01:16:30]} {[%emt 00:00:09]} 4. Nf3 {[%clk 01:16:13]} {[%emt 00:00:29]} e6
{[%clk 01:16:36]} {[%emt 00:00:24]} 5. Be2 {[%clk 01:16:08]} {[%emt 00:00:35]}
c5 {[%clk 01:16:27]} {[%emt 00:00:39]} 6. c3 {[%clk 01:14:21]} {[%emt
00:02:16]} Nc6 {[%clk 01:16:17]} {[%emt 00:00:41]} 7. Be3 {[%clk 01:09:04]}
{[%emt 00:05:46]} cxd4 {[%clk 01:10:16]} {[%emt 00:06:33]} 8. cxd4 {[%clk
01:04:54]} {[%emt 00:04:38]} Bb4+ {[%clk 01:10:28]} {[%emt 00:00:19]} 9. Nc3
{[%clk 01:03:46]} {[%emt 00:01:38]} Nge7 {[%clk 01:06:39]} {[%emt 00:04:18]}
10. O-O {[%clk 00:57:41]} {[%emt 00:06:36]} O-O {[%clk 01:06:45]} {[%emt
00:00:23]} 11. Rc1 {[%clk 00:57:35]} {[%emt 00:00:37]} Bg6 {[%clk 01:00:48]}
{[%emt 00:06:27]} 12. a3 {[%clk 00:54:15]} {[%emt 00:03:51]} Bxc3 {[%clk
01:00:22]} {[%emt 00:00:56]} 13. Rxc3 {[%clk 00:53:05]} {[%emt 00:01:40]} Nf5
{[%clk 00:58:55]} {[%emt 00:01:57]} 14. Bg5 {[%clk 00:52:46]} {[%emt 00:00:48]}
Nce7 {[%clk 00:56:44]} {[%emt 00:02:41]} 15. Qc2 {[%clk 00:49:20]} {[%emt
00:03:56]} Ng3 {[%clk 00:49:57]} {[%emt 00:07:16]} 16. Bxe7 {[%clk 00:44:17]}
{[%emt 00:05:34]} Bxc2 {[%clk 00:47:29]} {[%emt 00:02:58]} 17. Bxd8 {[%clk
00:43:18]} {[%emt 00:01:28]} Nxe2+ {[%clk 00:47:50]} {[%emt 00:00:10]} 18. Kh1
{[%clk 00:43:15]} {[%emt 00:00:32]} Nxc3 {[%clk 00:48:19]} {[%emt 00:00:02]}
19. bxc3 {[%clk 00:43:23]} {[%emt 00:00:23]} Rfxd8 {[%clk 00:48:40]} {[%emt
00:00:09]} 20. Rc1 {[%clk 00:43:25]} {[%emt 00:00:27]} Bd3 {[%clk 00:48:37]}
{[%emt 00:00:33]} 21. Rd1 {[%clk 00:43:19]} {[%emt 00:00:37]} Be2 {[%clk
00:48:59]} {[%emt 00:00:07]} 22. Rb1 {[%clk 00:43:36]} {[%emt 00:00:13]} Bxf3
{[%clk 00:49:22]} {[%emt 00:00:08]} 23. gxf3 {[%clk 00:43:56]} {[%emt
00:00:09]} b6 {[%clk 00:49:42]} {[%emt 00:00:10]} 24. Kg2 {[%clk 00:43:32]}
{[%emt 00:00:53]} Rac8 {[%clk 00:50:05]} {[%emt 00:00:08]} 25. Rb3 {[%clk
00:43:52]} {[%emt 00:00:10]} Rc4 {[%clk 00:50:28]} {[%emt 00:00:07]} 26. Kg3
{[%clk 00:43:50]} {[%emt 00:00:33]} Rdc8 {[%clk 00:50:52]} {[%emt 00:00:06]}
27. Kf4 {[%clk 00:43:28]} {[%emt 00:00:51]} Rxc3 {[%clk 00:51:09]} {[%emt
00:00:13]} 28. Rxc3 {[%clk 00:43:47]} {[%emt 00:00:11]} Rxc3 {[%clk 00:51:32]}
{[%emt 00:00:07]} 0-1

[Event "DEM U10w 2022"]
[Site "Willingen GER"]
[Date "2022.06.08"]
[Round "6"]
[White "Yang, Sophie"]
[Black "Heidtkamp, Anna"]
[Result "1-0"]
[Termination "normal"]
[Board "5"]
[WhiteElo "1209"]
[BlackElo "1163"]
[WhiteClock "00:58:32"]
[BlackClock "00:17:22"]
[PlyCount "91"]
[WhiteFideId "16279174"]
[BlackFideId "16269012"]
[EventCountry "GER"]
[EventRounds "11"]
[EventType "swiss"]
[EventDate "2022.06.04"]

1. e4 {[%emt 00:00:03]} e5 {[%emt 00:00:09]} 2. f4 {[%clk 01:15:43]} {[%emt
00:00:05]} exf4 {[%clk 01:15:55]} {[%emt 00:00:06]} 3. Nf3 {[%clk 01:16:04]}
{[%emt 00:00:08]} Nc6 {[%clk 01:14:21]} {[%emt 00:02:04]} 4. Bb5 {[%clk
01:15:43]} {[%emt 00:00:51]} Be7 {[%clk 01:11:02]} {[%emt 00:03:50]} 5. O-O
{[%clk 01:15:52]} {[%emt 00:00:21]} a6 {[%clk 01:11:11]} {[%emt 00:00:21]} 6.
Bc4 {[%clk 01:14:53]} {[%emt 00:01:29]} d6 {[%clk 01:10:40]} {[%emt 00:01:01]}
7. Nc3 {[%clk 01:14:11]} {[%emt 00:01:11]} Bg4 {[%clk 01:10:31]} {[%emt
00:00:39]} 8. d4 {[%clk 01:13:33]} {[%emt 00:01:09]} Nf6 {[%clk 01:09:22]}
{[%emt 00:01:39]} 9. Bxf4 {[%clk 01:13:14]} {[%emt 00:00:48]} O-O {[%clk
01:07:21]} {[%emt 00:02:32]} 10. d5 {[%clk 01:11:35]} {[%emt 00:02:10]} Ne5
{[%clk 01:06:16]} {[%emt 00:01:35]} 11. Be2 {[%clk 01:10:46]} {[%emt 00:01:16]}
Nxf3+ {[%clk 01:03:22]} {[%emt 00:03:25]} 12. Bxf3 {[%clk 01:11:07]} {[%emt
00:00:09]} Bxf3 {[%clk 01:03:41]} {[%emt 00:00:11]} 13. Qxf3 {[%clk 01:11:15]}
{[%emt 00:00:22]} Nd7 {[%clk 01:00:28]} {[%emt 00:03:43]} 14. Qg4 {[%clk
01:10:44]} {[%emt 00:00:59]} Ne5 {[%clk 00:57:00]} {[%emt 00:04:00]} 15. Qg3
{[%clk 01:10:34]} {[%emt 00:00:37]} Bh4 {[%clk 00:55:18]} {[%emt 00:02:16]} 16.
Qh3 {[%clk 01:08:20]} {[%emt 00:02:35]} Bg5 {[%clk 00:48:49]} {[%emt 00:07:08]}
17. Bxe5 {[%clk 01:07:59]} {[%emt 00:00:49]} dxe5 {[%clk 00:48:58]} {[%emt
00:00:23]} 18. Ne2 {[%clk 01:07:46]} {[%emt 00:00:43]} Qd6 {[%clk 00:47:46]}
{[%emt 00:01:42]} 19. Qb3 {[%clk 01:04:42]} {[%emt 00:03:33]} Qb6+ {[%clk
00:45:18]} {[%emt 00:03:00]} 20. Kh1 {[%clk 01:04:31]} {[%emt 00:00:32]} Qxb3
{[%clk 00:44:10]} {[%emt 00:01:46]} 21. axb3 {[%clk 01:04:36]} {[%emt
00:00:24]} Rad8 {[%clk 00:43:48]} {[%emt 00:00:53]} 22. Nc3 {[%clk 01:03:28]}
{[%emt 00:01:38]} Rd6 {[%clk 00:43:41]} {[%emt 00:00:36]} 23. Na4 {[%clk
01:03:28]} {[%emt 00:00:31]} b6 {[%clk 00:43:10]} {[%emt 00:01:01]} 24. Rad1
{[%clk 01:02:54]} {[%emt 00:01:42]} Rfd8 {[%clk 00:43:01]} {[%emt 00:01:00]}
25. c4 {[%clk 01:02:59]} {[%emt 00:00:26]} Be3 {[%clk 00:42:31]} {[%emt
00:00:59]} 26. Rf3 {[%clk 01:02:39]} {[%emt 00:00:50]} Bd4 {[%clk 00:42:15]}
{[%emt 00:00:47]} 27. Rdf1 {[%clk 01:02:25]} {[%emt 00:00:42]} f6 {[%clk
00:42:31]} {[%emt 00:00:16]} 28. Rg3 {[%clk 01:02:25]} {[%emt 00:00:26]} c6
{[%clk 00:36:36]} {[%emt 00:06:28]} 29. Nc3 {[%clk 01:02:04]} {[%emt 00:00:49]}
c5 {[%clk 00:29:53]} {[%emt 00:07:16]} 30. Ra1 {[%clk 00:58:28]} {[%emt
00:04:03]} Bxc3 {[%clk 00:22:38]} {[%emt 00:07:47]} 31. bxc3 {[%emt 00:00:06]}
Ra8 {[%emt 00:00:12]} 32. Rd3 {[%clk 00:57:33]} {[%emt 00:01:04]} Kf7 {[%clk
00:22:21]} {[%emt 00:00:49]} 33. Rd2 {[%clk 00:57:44]} {[%emt 00:00:19]} Rd7
{[%clk 00:22:12]} {[%emt 00:00:40]} 34. b4 {[%clk 00:57:14]} {[%emt 00:01:00]}
cxb4 {[%clk 00:22:03]} {[%emt 00:00:39]} 35. cxb4 {[%clk 00:57:36]} {[%emt
00:00:09]} Rc7 {[%clk 00:22:05]} {[%emt 00:00:28]} 36. Rc2 {[%clk 00:57:46]}
{[%emt 00:00:19]} b5 {[%clk 00:22:27]} {[%emt 00:00:09]} 37. c5 {[%clk
00:57:46]} {[%emt 00:00:30]} Rca7 {[%clk 00:22:27]} {[%emt 00:00:30]} 38. Rca2
{[%clk 00:57:49]} {[%emt 00:00:27]} g5 {[%clk 00:21:53]} {[%emt 00:01:04]} 39.
Kg1 {[%clk 00:57:44]} {[%emt 00:00:34]} Rg8 {[%clk 00:22:09]} {[%emt 00:00:14]}
40. Rxa6 {[%clk 00:58:01]} {[%emt 00:00:14]} Rxa6 {[%clk 00:19:08]} {[%emt
00:03:31]} 41. Rxa6 {[%clk 00:58:24]} {[%emt 00:00:06]} Rg6 {[%clk 00:17:28]}
{[%emt 00:02:10]} 42. Ra7+ {[%clk 00:58:19]} {[%emt 00:00:35]} Kg8 {[%clk
00:17:39]} {[%emt 00:00:19]} 43. c6 {[%clk 00:58:38]} {[%emt 00:00:11]} Kh8
{[%clk 00:17:40]} {[%emt 00:00:30]} 44. c7 {[%emt 00:00:11]} Rg8 {[%emt
00:00:09]} 45. d6 {[%clk 00:58:11]} {[%emt 00:00:36]} g4 {[%clk 00:17:22]}
{[%emt 00:00:49]} 46. d7 {[%clk 00:58:32]} {[%emt 00:00:08]} 1-0